| 000 | 01085nam a22002295i 4500 | ||
|---|---|---|---|
| 001 | 68814 | ||
| 003 | ES-MaACL | ||
| 005 | 20250730063111.0 | ||
| 007 | t| | ||
| 008 | 960828s1895 sp ||||1| spa d | ||
| 100 | 1 |
_aGinard de la Rosa, Rafael, _d1848-1918 _957106 |
|
| 245 | 1 | 3 |
_aEl estudiante endiablado _b: ópera cómica en un acto y en verso con motivo del cuento de Espronceda "El Estudiante de Salamanca" / _cletra de Rafael Ginard de la Rosa y Angel de Laguardia ; música del maestro A. Vidal y Llimona. |
| 260 |
_aMadrid : _b[s.n.], _c1895 ( _fImp. de la "Propiedad Intelectual") |
||
| 300 |
_a34 p. ; _c20 cm. |
||
| 490 | 1 | _aGalería de la " Propiedad Intelectual " | |
| 500 | _aSólo incluye la letra. | ||
| 700 | 1 |
_aGuardia, Ángel de la _960305 |
|
| 700 | 1 |
_aVidal y Llimona, Andrés, _d1844-1912 _9133685 |
|
| 830 | 1 |
_aGalería de la " Propiedad Intelectual " _9230961 |
|
| 852 | 4 |
_aES-MaACL _jD-2525(1) _z- Enc. con otras obras _z- Dedicatoria manuscrita de los autores a Manuel de La Fuente _z- Legado Modesto Lafuente |
|
| 999 |
_c68814 _d68814 |
||